| 000 | 00000nam 2200000zi 4500 |
| 001 | 9.920573 |
| 003 | CaOODSP |
| 005 | 20250218144827 |
| 006 | m o d f |
| 007 | cr ||||||||||| |
| 008 | 230303t20232023oncd o f00| 0 fre d |
| 020 | |a9780660478821 |
| 040 | |aCaOODSP|bfre|erda|cCaOODSP |
| 043 | |an-cn--- |
| 086 | 1 |aHP35-176/2023F-PDF |
| 245 | 00|aAssociations entre les symptômes à plus long terme après la COVID-19 et les données sociodémographiques, les caractéristiques de santé, la période d'infection et le statut de vaccination chez les adultes canadiens de janvier 2020 à août 2022. |
| 264 | 1|a[Ottawa] : |bAgence de la santé publique du Canada = Public Health Agency of Canada, |c2023. |
| 264 | 4|c©2023 |
| 300 | |a1 ressource en ligne (13 pages) : |bgraphiques |
| 336 | |atexte|btxt|2rdacontent/fre |
| 337 | |ainformatique|bc|2rdamedia/fre |
| 338 | |aressource en ligne|bcr|2rdacarrier/fre |
| 500 | |aPublié aussi en anglais sous le titre : Associations between longer-term symptoms after COVID-19 and sociodemographics, health characteristics, period of infection, and vaccination status in Canadian adults, January 2020 to August 2022. |
| 650 | 6|aPandémie de COVID-19, 2020-2023|xAspect sanitaire|zCanada. |
| 650 | 6|aCOVID-19|xDiagnostic|zCanada. |
| 650 | 6|aCOVID-19|xVaccination|zCanada. |
| 650 | 6|aHandicap|xDiagnostic|zCanada. |
| 710 | 2 |aAgence de santé publique du Canada, |eorganisme de publication. |
| 775 | 08|tAssociations between longer-term symptoms after COVID-19 and sociodemographics, health characteristics, period of infection, and vaccination status in Canadian adults, January 2020 to August 2022.|w(CaOODSP)9.920572 |
| 856 | 40|qPDF|s1.20 Mo|uhttps://publications.gc.ca/collections/collection_2023/aspc-phac/HP35-176-2023-fra.pdf |